Jesús el Galileo
Saved in:
| Main Author: | |
|---|---|
| Format: | Book |
| Language: | Spanish |
| Published: |
Santander
Sal Terrae
2006
|
| Edition: | 1a. ed |
| Series: | Colección Presencia Teológica, 148
|
| Subjects: | |
| Tags: |
Add Tag
No Tags, Be the first to tag this record!
|
MARC
| LEADER | 00000cam a2200000 a 4500 | ||
|---|---|---|---|
| 001 | UCD2176 | ||
| 003 | CL-VaPUC | ||
| 008 | 160414e20060000sp |||||||||||||||||spa|d | ||
| 020 | |a 9788429316407 | ||
| 082 | 0 | 4 | |a 232 |b VID |2 21 |
| 100 | 0 | |a Vidal García, Senén |e author |9 585469 | |
| 245 | 1 | 0 | |a Jesús el Galileo |
| 250 | |a 1a. ed | ||
| 300 | |a 255 p | ||
| 942 | |c BK | ||
| 945 | |d 20160414 22:20:00 |a arojas | ||
| 260 | |a Santander |b Sal Terrae |c 2006 | ||
| 600 | 0 | |a Jesús |9 313614 | |
| 650 | 0 | |a Cristología |9 315091 | |
| 583 | |a last modification |c 20160414 22:20:00 |k Rodrigo Vera | ||
| 490 | 0 | |a Colección Presencia Teológica, 148 | |
| 999 | |c 363371 |d 363369 | ||
| 952 | |0 0 |1 0 |3 erb |4 0 |6 232_000000000000000_VID_2006 |7 0 |8 A |9 475565 |a BIBTEO |b BIBTEO |i 5281318 |o 232 VID 2006 |p 5281318 |r 2025-01-17 |w 2019-11-24 |y BK |z Catalogado en:20160414 |k ICR | ||